00511cam a22001572 4500001001100000005001700011008004100028020001200069040001500081100003800096245013000134250001300264260003600277300001200313650002800325000000730820151217154401.0080107s xx 000 0 eng d cKES 850 aKABUcKABU1 aSaleemi, Nisar Ahmad.@000015129910aK. A. T. C. Final level revision guide (volume I) :bmodel test papers questions and suggested anwers /cNisar Ahmad Saleemi. a4th ed. aNairobi :bN. A. Saleemic2000. a646 p. 0aAccounting.@0000148321